<?xml version="1.0" encoding="UTF-8"?>
<record
    xmlns:xsi="http://www.w3.org/2001/XMLSchema-instance"
    xsi:schemaLocation="http://www.loc.gov/MARC21/slim http://www.loc.gov/standards/marcxml/schema/MARC21slim.xsd"
    xmlns="http://www.loc.gov/MARC21/slim">

  <leader>00560nam a2200193Ia 4500</leader>
  <controlfield tag="005">20230914111622.0</controlfield>
  <controlfield tag="008">230331s9999    xx            000 0 eng d</controlfield>
  <datafield tag="020" ind1=" " ind2=" ">
    <subfield code="a">9781848106574</subfield>
    <subfield code="q">pbk</subfield>
  </datafield>
  <datafield tag="040" ind1=" " ind2=" ">
    <subfield code="a">RDA</subfield>
    <subfield code="c">3228</subfield>
  </datafield>
  <datafield tag="082" ind1=" " ind2=" ">
    <subfield code="2">23</subfield>
    <subfield code="a">EJF UTTE</subfield>
  </datafield>
  <datafield tag="100" ind1=" " ind2=" ">
    <subfield code="a">Vic Parker</subfield>
    <subfield code="9">130241</subfield>
  </datafield>
  <datafield tag="245" ind1=" " ind2="0">
    <subfield code="a">50 Utterlysilly stories</subfield>
    <subfield code="c">Vic Parker</subfield>
  </datafield>
  <datafield tag="260" ind1=" " ind2=" ">
    <subfield code="a">Thaxted:</subfield>
    <subfield code="b">Miles Kelly;</subfield>
    <subfield code="c">2012</subfield>
  </datafield>
  <datafield tag="300" ind1=" " ind2=" ">
    <subfield code="a">512pages: color illustration,</subfield>
    <subfield code="c">23cm.</subfield>
  </datafield>
  <datafield tag="650" ind1=" " ind2=" ">
    <subfield code="a">Humorous stories</subfield>
    <subfield code="9">131378</subfield>
  </datafield>
  <datafield tag="942" ind1=" " ind2=" ">
    <subfield code="w">561</subfield>
    <subfield code="x">John Tresidder</subfield>
    <subfield code="y">375</subfield>
    <subfield code="z">Rosinah Mosako</subfield>
  </datafield>
  <datafield tag="942" ind1=" " ind2=" ">
    <subfield code="2">ddc</subfield>
    <subfield code="c">BK</subfield>
  </datafield>
  <datafield tag="942" ind1=" " ind2=" ">
    <subfield code="c">BK</subfield>
    <subfield code="2">ddc</subfield>
  </datafield>
  <datafield tag="999" ind1=" " ind2=" ">
    <subfield code="c">747293</subfield>
    <subfield code="d">747292</subfield>
  </datafield>
  <datafield tag="952" ind1=" " ind2=" ">
    <subfield code="0">0</subfield>
    <subfield code="1">0</subfield>
    <subfield code="2">ddc</subfield>
    <subfield code="4">0</subfield>
    <subfield code="7">0</subfield>
    <subfield code="a">THISL</subfield>
    <subfield code="b">Leanl</subfield>
    <subfield code="c">GEN</subfield>
    <subfield code="d">2023-09-14</subfield>
    <subfield code="l">0</subfield>
    <subfield code="o"> EJF UTTE</subfield>
    <subfield code="p">33228017377431</subfield>
    <subfield code="r">2023-09-14</subfield>
    <subfield code="w">2023-09-14</subfield>
    <subfield code="y">BK</subfield>
  </datafield>
  <datafield tag="952" ind1=" " ind2=" ">
    <subfield code="0">0</subfield>
    <subfield code="1">0</subfield>
    <subfield code="2">ddc</subfield>
    <subfield code="4">0</subfield>
    <subfield code="7">0</subfield>
    <subfield code="a">THISL</subfield>
    <subfield code="b">EMBAL</subfield>
    <subfield code="c">CHILD</subfield>
    <subfield code="d">2023-09-14</subfield>
    <subfield code="l">0</subfield>
    <subfield code="o"> EJF UTTE</subfield>
    <subfield code="p">062273</subfield>
    <subfield code="r">2023-09-14</subfield>
    <subfield code="w">2023-09-14</subfield>
    <subfield code="y">BK</subfield>
  </datafield>
</record>
